000 00442cam a2200169ua 4500
001 5966
008 131029n ii |||gr||||Z||||||eng
040 _cMAIN
082 _a940
100 _aHayes,C.J.H,
_eAuthor.
245 _aContemporary Europe Since 1870
_cby C.J.H Hayes
260 _aDelhi:
_bSurjeet Publications,
_c1981.
300 _avii,721p.
653 _aHistory of Europe
653 _aContemporary Europe Since 1870
942 _cBK
999 _c5120
_d5120